• 首页
  • 本馆介绍
  • 公告通知
  • 最新文献
  • 馆藏检索
  • 电子资源
  • 读者导购
  • 参考咨询
  • 我的图书馆
  • 登录
  • 详细信息显示
  • 放入我的书架
  • 预约/预借图书
  • 作者相关作品
  • 分类相关作品
  • 丛书相关作品
  • 出版社相关作品

书目信息

  • 表格格式
  • 工作单格式
  • 卡片格式
题名:
家常美味面食谱
    
 
作者: 任家常 主编
分册:  
出版信息: 上海   上海科学普及出版社  2003.11
页数: 419页
开本: 20cm
丛书名: 巧妇好帮手丛书
单 册:
中图分类: TS972.116
科图分类:
主题词: 饮食业--供应技术
电子资源:
ISBN: 7-5025-3476-8
000 00646nam0 2200217 450
001 0436690435
005 20240904155042.35
010    @a7-5025-3476-8@dCNY19.80
100    @a20040304d2003 km y0chiy0120 ea
101 0  @achi
102    @aCN@b310000
200 1  @a家常美味面食谱@Ajia chang mei wei mian shi pu@f任家常主编@Fren jia chang zhu bian
210    @a上海@c上海科学普及出版社@d2003.11
215    @a419页@c图@d20cm
225 2  @a巧妇好帮手丛书
410  0 @12001 @a巧妇好帮手丛书
606 0  @a饮食业@x供应技术
690    @aTS972.116@v4
701  0 @a任家常@Aren jia chang@4主编
801  0 @aCN@bPFT@c20040304
905    @aBZT@dTS972.116@e1@f10
    
    家常美味面食谱/任家常主编.-上海:上海科学普及出版社,2003.11
    419页:图;20cm.-(巧妇好帮手丛书)
    
    
    ISBN 7-5025-3476-8:CNY19.80
    
●
相关链接 在五车中查询图书 在当当中查询图书 在豆瓣中查询图书


正题名:家常美味面食谱     索取号:TS972.116/1         预约/预借

序号 登录号 条形码 馆藏地/架位号 状态 备注
1 0358667   230075262   中心书库中库/ 中库024架A面3列1层27/ [索取号:TS972.116/1] 在馆    
2 0358669   230075268   中心书库中库/ 中库024架A面3列1层30/ [索取号:TS972.116/1] 在馆    
3 0358670   230075270   中心书库中库/ 中库024架A面3列1层32/ [索取号:TS972.116/1] 在馆    
4 0358671   230075271   中心书库中库/ 中库024架A面3列1层31/ [索取号:TS972.116/1] 在馆    
5 0358673   230075266   中心书库中库/ 中库024架A面3列1层29/ [索取号:TS972.116/1] 在馆    
6 0358674   230075264   中心书库中库/ 中库024架A面3列1层28/ [索取号:TS972.116/1] 在馆    
7 2001740147   2001740147   样本书库/样008架A面3层3列/ [索取号:TS972.116/1] 在馆    
山东省滨州职业学院图书馆 欢迎您!
大连网信软件有限公司© 版权所有